Представление документа в формате MARC21

Поле Инд. ПП Название Значение
Тип записи a
Библиографический уровень b
001 Контрольный номер UNIDUBNAd002bc3a6eba4ff793ae74fab3a44f4f
005 Дата корректировки 20230130104232.0
008 Кодируемые данные 20170331
040 b Код языка каталог. rus
e Правила каталог. PSBO
041 0_ a Код языка текста rus
084 a Индекс другой классификации/Индекс ББК 67.404.114
100 1_ a Автор Богданова Т. В.
q Полное имя Богданова Татьяна Васильевна
245 10 a Заглавие Некоторые правовые аспекты применения отдельных видов залога
520 0_ a Аннотация Актуальность изучения указанной темы в правовой доктрине подтверждается наличием целого пласта проблем, возникающих в правоприменительной практике при невыполнении или ненадлежащем выполнении должником своих обязательств перед кредитором, исполнение которых было гарантированно залогом. Предметом исследования выступают нормативно-правовые нормы, регламентирующие залоговые правоотношения. Цель настоящего исследования заключается в проведении анализа института залога и выявлении проблем применения залога недвижимости, залога в ломбарде, залога товаров в обороте. В работе анализируются основания для обращения взыскания на заложенную вещь, порядок взыскания заложенного имущества (судебный и внесудебный), оценка недвижимого имущества. Рассматривается вопрос отчуждения заложенного имущества в отсутствие уведомления и согласия залогодержателя. Автор приходит к выводу, что, сравнивая определение ипотеки и залога, можно обнаружить, что по своей юридической конструкции и смыслу формулировки трактуемых понятий практически идентичны. Кроме того, наличие условия о процентах за пользование заемными денежными средствами играет большую роль, поскольку его наличие в кредитном договоре при одновременном отсутствии в договоре ипотеки влечет недействительность последнего, что порождает множество правовых проблем для участников данных правоотношений
650 14 a Основная рубрика гражданское право
a Основная рубрика право
a Основная рубрика право собственности
653 0_ a Ключевые слова Гражданский кодекс РФ
a Ключевые слова залог
a Ключевые слова залог в ломбарде
a Ключевые слова залог недвижимости
a Ключевые слова залог товаров
a Ключевые слова ипотека
a Ключевые слова обязательства
a Ключевые слова субъекты права собственности
773 08 t Заглавие источника Российская юстиция
d Дата издания источника 2021
g Прочая информация № 3. - С. 5 - 7
w Контрольный № источника b885f12bde384f57bfa824b25e31dd75
901 t Тип документа b